000 01027nam a22002537a 4500
999 _c65279
_d65279
005 20240530110816.0
008 190624s2019 ua ah f b 000 0 ara d
017 _a2018/14074
_bمصر. دار الكتب
020 _a9789959112383
040 _aEG-CaGPL
_cEG-CaGPL
082 0 4 _221
_a728.82 /
_bق/س ق
100 0 _aسحر محمد القطرى
245 1 0 _aقصور وسرايات الاسكندرية فى عصر اسرة محمد على /
_cسحر محمد القطرى
250 _aط. 1
260 _aالقاهرة :
_bدار الحكمة للطباعة و النشر و التوزيع،
_c2019.
300 _a236 ص. :
_bايض ؛
_c24 سم.
504 _aيشتمل على ارجاعات ببليوجرافية
650 0 7 _2qrmak
_aالقصور الاسلامية
650 0 7 _2qrmak
_aالمبانى التاريخية
650 0 7 _2qrmak
_aالعمارة الاسلامية
651 0 7 _2qrmak
_aالاسكندرية
_xالقصور
942 _2ddc
_cBK